01192 2200205 4500001002100000005001500021035002000036008004100056245007100097100002100168250000600189260003800195300001200233084001400245082000800259650001000267520068500277990001200962990001200974INLIS00000000000131820240520020151 a0010-0524000553240520 1 ind 1 aLove Me, Marry Me ( Cinta Itu Bukan Keegoisan ) /cEster Priscilla aPriscilla, Ester a1 aYogyakarta :bSheila/ Andi,c2014 a220 hlm a813 EST l a813 4aFiksi aDemi Ayahnya, Livi melakukan segala cara untuk bisa menikah dengan Egan, walau diantara mereka tak ada rasa suka sama sekali. Egan yang tidak ingin pernikahan itu terjadi, memberikan Livi syarat-syarat yang sulit jika ingin menikah dengannya hingga mengorbankan harga diri Livi untuk berjuang memenuhi syarat itu. Ketika ia benar-benar lelah dan menyerah, Egan mulai menunjukkan perhatian kepada Livi. Di tengah situasi itu, ada Revan yang super perhatian pada Livi. Ada juga Shania yang mencintai Egan setengah mati. Bagaimana kelanjutan hubungan Livi dan Egan di tengah situasi yang makin rumit Novel ini akan membuatmu tertawa dan menangis, serta tak ingin berhenti membacanya. a0741478 a0741479